| 000 | 00461nam a2200181Ia 4500 | ||
|---|---|---|---|
| 008 | 230711s9999||||xx |||||||||||||| ||und|| | ||
| 020 | _a978-1-84973-331-1 | ||
| 041 | _aENG | ||
| 082 |
_a664.80565 _bTI-P |
||
| 100 | _aTiwari, Brijesh | ||
| 245 | 0 | _aPulse Chemistry and Technology | |
| 250 | _a1st Ed. | ||
| 260 |
_c2012 _aCambridge _bRSC Publishing |
||
| 300 | _a310p. | ||
| 650 | _aFood Science and Technology | ||
| 700 | _aSingh, Narpinder | ||
| 942 | _cBK | ||
| 999 |
_c7422 _d7422 |
||